00512 2200169 4500001002100000005001700021035002500038090002100063100002800084245011300112250001100225260003100236300002900267650001500296850001200311990001900323YOGYA00000000004254020150213135848.0 a0010-081400000042258 aDep 633.88 Bud T aHieronymus Budi Santoso aToga: Tanamanan Obat Keluarga 3: Kurang Gizi, Malaria, Kulit, Tekanan Darah TinggicBudi Santoso, Hieronymus acet. 6 aYogyakartabKanisiusc1998 a88 hlm.:bilus.,c18 cm. aHipertensi aYOPDYOG aCB-D.11-98-172